000 01387nam a2200301Ia 4500
001 ebr10055182
003 CaPaEBR
006 m u
007 cr cn|||||||||
008 960313s1996 dcub sb 001 0 eng d
010 _z 95072623
020 _z0309054281
040 _aCaPaEBR
_cCaPaEBR
035 _a(OCoLC)559259828
050 1 4 _aRC655.5
_b.A73 1996eb
082 0 4 _a616.4/4
_220
245 0 4 _aThe Arctic Aeromedical Laboratory's thyroid function study
_h[electronic resource] :
_ba radiological risk and ethical analysis /
_cCommittee on Evaluation of 1950s Air Force Human Health Testing in Alaska Using Radioactive Iodinep131s ... [et al.].
260 _aWashington, D.C. :
_bNational Academy Press,
_c1996.
300 _axii, 104 p. :
_bmap.
504 _aIncludes bibliographical references and index.
533 _aElectronic reproduction.
_bPalo Alto, Calif. :
_cebrary,
_d2005.
_nAvailable via World Wide Web.
_nAccess may be limited to ebrary affiliated libraries.
650 0 _aThyroid gland function tests
_xHealth aspects
_zAlaska.
650 0 _aIodine
_xIsotopes
_xDiagnostic use
_xMoral and ethical aspects.
650 0 _aMedical ethics
_zAlaska.
655 7 _aElectronic books.
_2local
710 2 _aebrary, Inc.
856 4 0 _uhttp://site.ebrary.com/lib/rucke/Doc?id=10055182
_zAn electronic book accessible through the World Wide Web; click to view
999 _c64140
_d64140